| 000 | 02199nka a2200397 i 4500 | ||
|---|---|---|---|
| 001 | 102915 | ||
| 003 | ES-MaACL | ||
| 005 | 20250823041147.0 | ||
| 007 | t| | ||
| 008 | 051219q1800 sp f | |r||1c|spa | ||
| 100 | 1 |
_aFolo, Giovanni, _d1764-1836 _eegr _951476 |
|
| 245 | 1 | 1 |
_a[Sagrada Familia] _h[Material gráfico] / _cPintado por Rafael de Urbino ; Dibuxado por Josef Camaron ; Grabado por Gio. Folo Veneto en Roma |
| 260 |
_aRoma : _b[s.n., _cca. 1800] |
||
| 300 |
_a1 estampa : _bgrabado calcográfico ; _c562 x 392 mm. |
||
| 490 | 1 |
_aColección facticia de grabados ; _v3 _9184692 |
|
| 500 | _aInscripción: "Esta Sagrada Familia, que está en el Real Palacio de Madrid, se tiene por original del célebre Rafael de Urbino, pues aunque se encuentra algun otro quadro en todo semejante, que se cree del mismo autor, todos saben que repitió algunas de sus pinturas, lo qual sin duda sucedio con ésta. Tiene de alto quatro pies de rey y tres pulgadas, y de ancho tres pies y cinco pulgadas." | ||
| 500 | _aEstampa perteneciente a la "Compañía para el grabado de los cuadros de los reales palacios", constituida en Madrid entre 1789-1797. En 1818 las planchas, estampas y dibujos pasaron a la Calcografía | ||
| 530 | _aDisponible en formato digital | ||
| 600 | 0 | 4 |
_aVirgen María _9115436 |
| 600 | 0 | 4 |
_aNiño Jesús _9241943 |
| 600 | 0 | 4 |
_aIsabel, _cSanta _9241807 |
| 600 | 0 | 4 |
_aJuan Bautista, _cSanto _9241944 |
| 650 | 7 |
_aSagrada Familia _2embne _916965 |
|
| 655 | 7 |
_aGrabados calcográficos _2tgfbne _9241761 |
|
| 655 | 7 |
_aGrabados _2tgfbne _9226846 |
|
| 655 | 4 |
_aReproducciones de obras de arte _9241931 |
|
| 700 | 0 |
_aRaffaello, _d1483-1520 _eart _994962 |
|
| 700 | 1 |
_aCamarón Bonanat, José, _d1731-1803 _edrm _9153327 |
|
| 830 | 0 |
_aColección facticia de grabados ; _v3 _9184692 |
|
| 852 | 4 |
_aES-MaACL _cDEPO2 _jGF-2(3) |
|
| 856 | 4 |
_uhttps://bdh-rd.bne.es/viewer.vm?id=0000151855&page=1 _yVersión en línea _z(Biblioteca Digital Hispánica) |
|
| 856 | 4 |
_uhttps://patrimoniodigital.ucm.es/s/patrimonio/item/1534117 _yVersión en línea _z(Patrimonio Digital Complutense) |
|
| 942 |
_2udc _cDIBGRB _n0 |
||
| 999 |
_c102915 _d102915 |
||